| 000 | 00550nam a2200169Ia 4500 | ||
|---|---|---|---|
| 999 |
_c8983 _d8983 |
||
| 020 | _a9788170546573 | ||
| 082 | _a954.2035 BRA-N | ||
| 100 | _aSingh, Brahamraj | ||
| 245 | 0 | _aNarayan Dutt Tewari ka Uttar Pradesh evam Uttaranchal ke mukhyamantri ke roop me yogdan | |
| 260 |
_aNew Delhi _bClassic Publishing House _c2013 |
||
| 300 | _axxv, 550p | ||
| 504 | _aincludes bibliography | ||
| 650 |
_aChief minister _zIndia _zUttar Pradesh |
||
| 650 |
_aTiwari, Narayan Dutt _z1925 |
||
| 650 |
_aPolitics and Government _zIndia _zUttar Pradesh |
||
| 942 | _cBK | ||